000 00640nam a2200145 a 4500
008 120416s1984 ||||||||||||||||| || u
050 _aHJ 1620 Goo
100 _aGoode, Richard
245 1 0 _aGovernment finance in developing countries
260 _aNew Delhi
_bTata McGraw-Hill
_c1984
300 _axii, 334p.
350 _a0.00
995 _aANNEX COLLECTION (Main Library)
_D0.00
_e712853
_FCBU-MAIN LIBRARY (Kitwe)
_H1
_I36.00
_jHJ 1620 Goo
_M1
_UAVAILABLE
_y008348
_ZAnnex Low-Usage Collection
995 _aBINDERY (DAMAGED)
_D0.00
_e712852
_FCBU-MAIN LIBRARY (Kitwe)
_H2
_I36.00
_jHJ 1620 Goo
_M2
_UDAMAGED
_y008347
_ZMain Library Open Access Collection
999 _c75987
_d75987